LEADER 00931cam0-22003131i-450- 001 990007412620403321 005 20060210100243.0 010 $a88-220-6163-2 035 $a000741262 035 $aFED01000741262 035 $a(Aleph)000741262FED01 035 $a000741262 100 $a20030414d1994----km-y0itay50------ba 101 0 $aita 102 $aIT 105 $ay-------001yy 200 1 $aFortuna e sfortuna della donna sposata$esociologia della vita matrimoniale$fFrançois de Singly$gtrad. di Vincenzo Cicchelli 210 $aBari$cDedalo$dc1994 215 $a253 p.$d21 cm 225 1 $aNuova biblioteca Dedalo$v163 676 $a306.81$v20$zita 700 1$aSingly,$bFrançois : de$0423137 801 0$aIT$bUNINA$gRICA$2UNIMARC 901 $aBK 912 $a990007412620403321 952 $aXXVII 288$b499$fDDCIC 959 $aDDCIC 996 $aFortuna e sfortuna della donna sposata$9677154 997 $aUNINA LEADER 01562nam 2200373 n 450 001 996390832103316 005 20200824120701.0 035 $a(CKB)4940000000102383 035 $a(EEBO)2240872263 035 $a(UnM)99842165e 035 $a(UnM)99842165 035 $a(EXLCZ)994940000000102383 100 $a19910426d1619 uy | 101 0 $aeng 135 $aurbn||||a|bb| 200 14$aThe testaments of the twelue patriarches$b[electronic resource] $ethe sonnes of Jacob: translated out of Greeke into Latine by Robert Grosthead, sometime bishop of Lincolne, and from his copie into French and Dutch by others: and now Englished. To the credit vvhereof, an ancient Greeke copy vvritten in parchment is kept in the Vniuersitie Library of Cambridge 210 $aPrinted at London $c[By H. Lownes], for the Company of the Stationers$d1619 215 $a[168] p. $cill 300 $aTranslation sometimes attributed to Anthony Gilby or to Arthur Golding. 300 $aWith woodcut title vignette and woodcut illustrations throughout. 300 $aSignatures: A-K L?. 300 $aReproduction of the original in the Folger Shakespeare Library. 330 $aeebo-0055 701 $aGrosseteste$b Robert$f1175?-1253.$0184379 702 $aGilby$b Anthony$fca. 1510-1585, 702 $aGolding$b Arthur$f1536-1606, 801 0$bCu-RivES 801 1$bCu-RivES 801 2$bCStRLIN 801 2$bWaOLN 906 $aBOOK 912 $a996390832103316 996 $aThe testaments of the twelue patriarches$92358673 997 $aUNISA